<?xml version="1.0" encoding="UTF-8"?>
<record
    xmlns:xsi="http://www.w3.org/2001/XMLSchema-instance"
    xsi:schemaLocation="http://www.loc.gov/MARC21/slim http://www.loc.gov/standards/marcxml/schema/MARC21slim.xsd"
    xmlns="http://www.loc.gov/MARC21/slim">

  <leader>01716    a2200205   4500</leader>
  <controlfield tag="003">Nust</controlfield>
  <controlfield tag="005">20230718110220.0</controlfield>
  <datafield tag="010" ind1=" " ind2=" ">
    <subfield code="a">   70038135</subfield>
  </datafield>
  <datafield tag="020" ind1=" " ind2=" ">
    <subfield code="a">007022157X</subfield>
  </datafield>
  <datafield tag="040" ind1=" " ind2=" ">
    <subfield code="c">Nust</subfield>
  </datafield>
  <datafield tag="082" ind1="0" ind2="0">
    <subfield code="a">604.2,FRE</subfield>
  </datafield>
  <datafield tag="100" ind1="1" ind2=" ">
    <subfield code="a">French, Thomas Ewing,</subfield>
    <subfield code="9">3515</subfield>
  </datafield>
  <datafield tag="245" ind1="1" ind2="0">
    <subfield code="a">A Manual of Engineering drawing :</subfield>
    <subfield code="b">for Student and Draftsmen /</subfield>
    <subfield code="c">Thomas E. French &amp; Charles J. Vierck.</subfield>
  </datafield>
  <datafield tag="260" ind1=" " ind2=" ">
    <subfield code="a">New York,</subfield>
    <subfield code="b">McGraw Hill</subfield>
    <subfield code="c">[1953]</subfield>
  </datafield>
  <datafield tag="300" ind1=" " ind2=" ">
    <subfield code="a">x, 715 p.</subfield>
    <subfield code="b">illus.</subfield>
    <subfield code="c">25 cm.</subfield>
  </datafield>
  <datafield tag="505" ind1=" " ind2=" ">
    <subfield code="a">Introductory (Page-1), Lettering (Page-5), The Selection of Instrument (Page-29), The use of Instruments (Page-42), Applied Geometry (Page-67), Orthographic Projection (Page-97), Orthographic Reading (Page-115), Orthographic Freehand Drawing (Page-130), Orthographic Instrument Drawing (Page-142), Auxiliary Views (Page-169), Oblique Views (Page-189), Rotation (Page-198), Section and Conventions (Page-210), Intersections (Page-238), Developments (Page-249), Pictorial Drawing (Page-265), Perspective Drawing (Page-295), Pictorial Sketching (Page-309), The Drawing and the Shop (Page-317), Dimensions and Notes (Page-332), Precision and Limit Dimensioning (Page-363), Screw Threads (Page-392), Threaded Fasteners (Page-410), Keys, Rivets and Springs (Page-426), Piping Drawing  (Page-434), Welding Drawing (Page-444), Gears and Cams (Page-464), Working Drawings (Page-481), Jigs Ad Fixture  (Page-541), The Elements of Structure Drawing (Page-553), The Elements of Architecture Drawing (Page-569), Map and Topographic Drawing (Page-587), Charts, Graphs Ad Diagrams (Page-606), Illustration(Page-620), Notes on Commercial Practice (Page-634).</subfield>
  </datafield>
  <datafield tag="650" ind1=" " ind2="0">
    <subfield code="a">Mechanical drawing.</subfield>
  </datafield>
  <datafield tag="700" ind1="1" ind2=" ">
    <subfield code="a">Vierck, Charles J.</subfield>
    <subfield code="9">3516</subfield>
  </datafield>
  <datafield tag="942" ind1=" " ind2=" ">
    <subfield code="2">ddc</subfield>
    <subfield code="c">BK</subfield>
  </datafield>
  <datafield tag="999" ind1=" " ind2=" ">
    <subfield code="c">182816</subfield>
    <subfield code="d">182816</subfield>
  </datafield>
  <datafield tag="952" ind1=" " ind2=" ">
    <subfield code="0">0</subfield>
    <subfield code="1">0</subfield>
    <subfield code="2">ddc</subfield>
    <subfield code="4">0</subfield>
    <subfield code="7">0</subfield>
    <subfield code="a">MCS</subfield>
    <subfield code="b">MCS</subfield>
    <subfield code="c">GEN</subfield>
    <subfield code="d">2016-12-12</subfield>
    <subfield code="o">604.2,FRE</subfield>
    <subfield code="p">MCS5673</subfield>
    <subfield code="r">2016-12-08</subfield>
    <subfield code="w">2016-12-12</subfield>
    <subfield code="y">BK</subfield>
    <subfield code="z">Almirah No.88, Shelf No.1</subfield>
  </datafield>
  <datafield tag="952" ind1=" " ind2=" ">
    <subfield code="0">0</subfield>
    <subfield code="1">0</subfield>
    <subfield code="2">ddc</subfield>
    <subfield code="4">0</subfield>
    <subfield code="7">0</subfield>
    <subfield code="a">MCS</subfield>
    <subfield code="b">MCS</subfield>
    <subfield code="c">GEN</subfield>
    <subfield code="d">2016-12-12</subfield>
    <subfield code="o">604.2,FRE</subfield>
    <subfield code="p">MCS6005</subfield>
    <subfield code="r">2016-12-08</subfield>
    <subfield code="w">2016-12-12</subfield>
    <subfield code="y">BK</subfield>
    <subfield code="z">Almirah No.26, Shelf No.1</subfield>
  </datafield>
</record>
